Women world leaders : (Record no. 184259)
[ view plain ]
| 000 -LEADER | |
|---|---|
| fixed length control field | 01037 a2200229 4500 |
| 003 - CONTROL NUMBER IDENTIFIER | |
| control field | NUST |
| 005 - DATE AND TIME OF LATEST TRANSACTION | |
| control field | 20221215131554.0 |
| 010 ## - LIBRARY OF CONGRESS CONTROL NUMBER | |
| LC control number | 95227356 |
| 020 ## - INTERNATIONAL STANDARD BOOK NUMBER | |
| International Standard Book Number | 0044409044 : |
| 035 ## - SYSTEM CONTROL NUMBER | |
| System control number | (OCoLC)33406322 |
| 040 ## - CATALOGING SOURCE | |
| Transcribing agency | Nust |
| 082 00 - DEWEY DECIMAL CLASSIFICATION NUMBER | |
| Classification number | 323.34,LIS |
| 100 1# - MAIN ENTRY--PERSONAL NAME | |
| Personal name | Liswood, Laura A., |
| 9 (RLIN) | 104944 |
| 245 10 - TITLE STATEMENT | |
| Title | Women world leaders : |
| Remainder of title | fifteen great politicians tell their stories / |
| Statement of responsibility, etc. | Laura A. Liswood. |
| 260 ## - PUBLICATION, DISTRIBUTION, ETC. | |
| Place of publication, distribution, etc. | London ; |
| -- | San Francisco, CA : |
| Name of publisher, distributor, etc. | Pandora, |
| Date of publication, distribution, etc. | 1995. |
| 300 ## - PHYSICAL DESCRIPTION | |
| Extent | xvi, 188 p. : |
| Other physical details | map ; |
| Dimensions | 24 cm. |
| 505 ## - FORMATTED CONTENTS NOTE | |
| Formatted contents note | Biographies (Page-1), Politics Sans Intent (Page-43), Backgrounds (Page-55), Trough a Different Lens (Page-65), Leaderships Style (Page-75), The Toughness Realm (Page-85), Heroes and Helpers (Page-97), One Half of the World (Page-105), A Handbook of Advice (Page-119), Reflection on Women’s Leadership (Page-129), Geography and Gender (Page-135). |
| 650 #0 - SUBJECT ADDED ENTRY--TOPICAL TERM | |
| Topical term or geographic name entry element | Women presidents |
| 9 (RLIN) | 104945 |
| 650 #0 - SUBJECT ADDED ENTRY--TOPICAL TERM | |
| Topical term or geographic name entry element | Women prime ministers |
| 9 (RLIN) | 104946 |
| 650 #0 - SUBJECT ADDED ENTRY--TOPICAL TERM | |
| Topical term or geographic name entry element | Women |
| General subdivision | Political activity. |
| 9 (RLIN) | 93688 |
| 942 ## - ADDED ENTRY ELEMENTS (KOHA) | |
| Source of classification or shelving scheme | |
| Koha item type | Book |
| Call number prefix | 323.34,LIS |
| Withdrawn status | Lost status | Source of classification or shelving scheme | Damaged status | Not for loan | Permanent Location | Current Location | Shelving location | Date acquired | Full call number | Barcode | Date last seen | Price effective from | Koha item type | Public note |
|---|---|---|---|---|---|---|---|---|---|---|---|---|---|---|
| Military College of Signals (MCS) | Military College of Signals (MCS) | General Stacks | 12/12/2016 | 323.34,LIS | MCS23063 | 12/08/2016 | 12/12/2016 | Book | Almirah No.49, Shelf No.6 |
